000
00261nam a2200109Ia 4500
008
200302s9999 xx 000 0 und d
100
_a
Author
245
_a
Basil Ai- Bayati Architect
260
_b
Academy Editions Group Ltd.
260
_c
1988
300
_a
276 P.,
999
_c
2133
_d
2133